An introduction to differentiable manifolds and Riemannian geometry / (Record no. 8393)

MARC details
000 -LEADER
fixed length control field 01229cam a2200301 a 4500
001 - CONTROL NUMBER
control field 12581038
003 - CONTROL NUMBER IDENTIFIER
control field OSt
005 - DATE AND TIME OF LATEST TRANSACTION
control field 20240612094001.0
008 - FIXED-LENGTH DATA ELEMENTS--GENERAL INFORMATION
fixed length control field 011105s2003 ne a b 001 0 eng
010 ## - LIBRARY OF CONGRESS CONTROL NUMBER
LC control number 2001097950
020 ## - INTERNATIONAL STANDARD BOOK NUMBER
International Standard Book Number 0121160513 (pbk. : acidfree paper)
035 ## - SYSTEM CONTROL NUMBER
System control number (DLC) 2001097950
040 ## - CATALOGING SOURCE
Original cataloging agency DLC
Transcribing agency MUST
Modifying agency DLC
082 00 - DEWEY DECIMAL CLASSIFICATION NUMBER
Classification number 516.36
Edition number 21
Item number BOO 2003
100 1# - MAIN ENTRY--PERSONAL NAME
Personal name Boothby, William M.
Fuller form of name (William Munger),
Dates associated with a name 1918-
9 (RLIN) 17067
245 13 - TITLE STATEMENT
Title An introduction to differentiable manifolds and Riemannian geometry /
Statement of responsibility, etc. William M. Boothby.
250 ## - EDITION STATEMENT
Edition statement Rev. 2nd ed.
260 ## - PUBLICATION, DISTRIBUTION, ETC. (IMPRINT)
Place of publication, distribution, etc. Amsterdam ;
-- New York :
Name of publisher, distributor, etc. Academic Press,
Date of publication, distribution, etc. 2003.
300 ## - PHYSICAL DESCRIPTION
Extent xiv, 419 p. :
Other physical details ill. ;
Dimensions 23 cm.
504 ## - BIBLIOGRAPHY, ETC. NOTE
Bibliography, etc Includes bibliographical references (p. 403-409) and index.
650 #0 - SUBJECT ADDED ENTRY--TOPICAL TERM
Topical term or geographic name as entry element Differentiable manifolds.
9 (RLIN) 17068
650 #0 - SUBJECT ADDED ENTRY--TOPICAL TERM
Topical term or geographic name as entry element Riemannian manifolds.
9 (RLIN) 17069
856 42 - ELECTRONIC LOCATION AND ACCESS
Materials specified Publisher description
Uniform Resource Identifier http://www.loc.gov/catdir/description/els031/2001097950.html
856 41 - ELECTRONIC LOCATION AND ACCESS
Materials specified Table of contents
Uniform Resource Identifier http://www.loc.gov/catdir/toc/els031/2001097950.html
906 ## - LOCAL DATA ELEMENT F, LDF (RLIN)
a 7
b cbc
c orignew
d 2
e epcn
f 20
g y-gencatlg
942 ## - ADDED ENTRY ELEMENTS (KOHA)
Source of classification or shelving scheme Dewey Decimal Classification
Koha item type Open Shelf
Holdings
Withdrawn status Lost status Source of classification or shelving scheme Damaged status Not for loan Home library Current library Date acquired Source of acquisition Inventory number Total Checkouts Full call number Barcode Date last seen Price effective from Koha item type
    Dewey Decimal Classification     MUST Main Library MUST Main Library 12/06/2024 Purchase 2006/28196   516.36 BOO 2003 2024-20300 12/06/2024 12/06/2024 Open Shelf
    Dewey Decimal Classification     MUST Main Library MUST Main Library 12/06/2024 Purchase 2006/28197   516.36 BOO 2003 2024-20334 12/06/2024 12/06/2024 Open Shelf